|
|
|
|
| LEADER |
00772cam a2200193 7i4500 |
| 001 |
0000028305 |
| 005 |
20120924090000.0 |
| 090 |
0 |
0 |
|a PHOT 338.7
|b MAL (CD)
|
| 110 |
2 |
0 |
|a Malaysia External Trade Development Corporation (MATRADE)
|
| 245 |
2 |
0 |
|a Program MATRADE bersama usahawan & pengeksport 2012 (26 Januari 2012 : Holiday Villa Alor Setar, Kedah).
|
| 300 |
# |
# |
|a 244 Photographs:
|b Col.;
|c CD-RW.
|
| 500 |
0 |
0 |
|a Photographs
|
| 650 |
0 |
0 |
|a Rusiah Mohamed
|
| 650 |
0 |
0 |
|a Zakaria Kamaruddin, Dato' Haji
|
| 650 |
0 |
0 |
|a MATRADE --
|x Photograph collection --
|y 2012
|
| 650 |
0 |
0 |
|a Program MATRADE bersama usahawan & pengeksport --
|y 2012
|
| 650 |
0 |
0 |
|a Mukhriz Tun Mahathir, Dato' Haji
|
| 650 |
0 |
0 |
|a Iswazar Aminuddin
|
| 999 |
|
|
|a PC00000855
|b Photographs
|c Photographs
|e Business Information Centre
|